书目信息 |
| 题名: |
黑白摄影之美
|
|
| 作者: | ;孙菲 改编 ;DIGI PHOTO编辑部 著 | |
| 分册: | ||
| 出版信息: | 北京 人民邮电出版社 2009.12 |
|
| 页数: | 131页, [2] 页图版 | |
| 开本: | 26cm | |
| 丛书名: | ||
| 单 册: | ||
| 中图分类: | J41 | |
| 科图分类: | ||
| 主题词: | 黑白摄影--hei bai she ying--摄影技术 | |
| 电子资源: | ||
| ISBN: | 978-7-115-21397-6 | |
| 000 | 01004nam0 2200241 450 | |
| 001 | 012010 | |
| 005 | 20100608095418.10 | |
| 010 | @a978-7-115-21397-6@dCNY58.00 | |
| 100 | @a20100515d2009 em y0chiy0121 ea | |
| 101 | 0 | @achi |
| 102 | @aCN@b110000 | |
| 105 | @aaf z 000yy | |
| 200 | 1 | @a黑白摄影之美@Ahei bai she ying zhi mei@fDIGI PHOTO编辑部著@g孙菲改编 |
| 210 | @a北京@c人民邮电出版社@d2009.12 | |
| 215 | @a131页, [2] 页图版@c图@d26cm | |
| 306 | @a本书经城邦文化股份有限公司流行风出版事业部授权, 同意由人民邮电出版社出版中文简体字版本 | |
| 330 | @a本书结合100幅优秀的黑白摄影作品, 将88个黑白摄影技巧娓娓道来, 涉及风光、人文、旅行、动物等多种主题, 囊括镜头选择、构图、用光、意境表现、后期处理等诸多关键知识点, 让读者轻松体验黑白摄影的乐趣, 掌握黑白摄影的相关技法, 获取创作的灵感。 | |
| 606 | 0 | @a黑白摄影@Ahei bai she ying@x摄影技术 |
| 690 | @aJ41@v4 | |
| 702 | 0 | @a孙菲@Asun fei@4改编 |
| 711 | 02 | @aDIGI PHOTO编辑部@ADIGI PHOTObian ji bu@4著 |
| 801 | 0 | @aCN@c20100515 |
| 905 | @dJ41@eB791@f3 | |
| 黑白摄影之美/DIGI PHOTO编辑部著/孙菲改编.-北京:人民邮电出版社,2009.12 |
| 131页, [2] 页图版:图;26cm |
| ISBN 978-7-115-21397-6:CNY58.00 |
| 本书结合100幅优秀的黑白摄影作品, 将88个黑白摄影技巧娓娓道来, 涉及风光、人文、旅行、动物等多种主题, 囊括镜头选择、构图、用光、意境表现、后期处理等诸多关键知识点, 让读者轻松体验黑白摄影的乐趣, 掌握黑白摄影的相关技法, 获取创作的灵感。 |
| ● |
| 相关链接 |
|
|
|
正题名:黑白摄影之美
索取号:J41/B791
 
预约/预借
| 序号 | 登录号 | 条形码 | 馆藏地/架位号 | 状态 | 备注 |
| 1 | 986319 | 209863192 | 社科库309/309社科库 82排3列5层/ [索取号:J41/B791] | 在馆 | |
| 2 | 986320 | 209863209 | 社科库309/309社科库 82排3列5层/ [索取号:J41/B791] | 在馆 | |
| 3 | 986321 | 209863218 | 社科库309/309社科库 82排3列5层/ [索取号:J41/B791] | 在馆 |